Albumy studyjne Davida Bowiego - Statystyki

Ogólne statystyki
  • Ten quiz został rozwiązany 18 razy
  • Średni wynik to 14 z 25
Statystyki odpowiedzi
Rok Album % Poprawnych
1972 The Rise and Fall of Ziggy Stardust and the Spiders from Mars
86%
2016 Blackstar
79%
1983 Let's Dance
79%
1967 David Bowie
71%
1969 David Bowie
71%
1977 "Heroes"
71%
1977 Low
64%
2002 Heathen
57%
1971 Hunky Dory
57%
1979 Lodger
57%
1976 Station to Station
57%
2013 The Next Day
57%
1975 Young Americans
57%
1974 Diamond Dogs
50%
1997 Earthling
50%
1987 Never Let Me Down
50%
2003 Reality
50%
1980 Scary Monsters (and Super Creeps)
50%
1970 The Man Who Sold the World
50%
1984 Tonight
50%
1973 Aladdin Sane
43%
1999 "Hours..."
43%
1973 Pin Ups
43%
1995 1.Outside
29%
1993 Black Tie White Noise
29%
Nie znaleziono quizów pasujących do podanych kryteriów
Rozkład punktacji
Procent ludzi z każdym wynikiem
Percentyl według liczby udzielonych odpowiedzi
Twoja historia wyników
Nie rozwiązałeś tego quizu